| 000 | 00910nam a22002297a 4500 | ||
|---|---|---|---|
| 003 | OSt | ||
| 005 | 20210314164320.0 | ||
| 008 | 210314s2013 ck a gr 0 spa d | ||
| 040 |
_aCO-JMCR _cCO-JMCR |
||
| 041 | 0 | _aspa | |
| 082 |
_a782.42083 / _bB582c _221 |
||
| 110 | 2 |
_aBiblioteca Aldeana de Colombia _936060 |
|
| 245 | 1 | 0 |
_aCancionero escolar / _cBiblioteca Aldeana de Colombia |
| 260 |
_aBogotá : _bBanco de la República, _c2013 |
||
| 300 |
_aviii, 102 páginas : _bmúsica ; _c16 x 22 cm + _e1 CD |
||
| 490 | 0 |
_aSerie técnica ; _vno. 11 |
|
| 500 | _aEdición facsimilar | ||
| 505 | 0 | _aEn CD: 1. El carpintero -- 2. El turpialito -- 3. ¿Qué haces tú? -- 4. Nana -- 5. Pico mandorico -- 6. El niño y la mariposa -- 7. Ejercicio -- 8. Sube y baja -- 9. La pastora -- 10. No le daba el sol | |
| 650 | 1 | 4 |
_aCanciones escolares _936061 |
| 650 | 2 | 4 |
_aCanciones infantiles _936062 |
| 942 |
_2ddc _cBK |
||
| 999 |
_c15368 _d15368 |
||